000 00645nam a2200181 4500
001 148958
003 ES-MaACL
005 20251003180521.0
007 t|
008 070214s1907 sp r ||||1| spa d
100 1 _aSupino, Rafael.
_9108805
245 1 0 _aManual de Química Clínica /
_cDr. Rafael Supino ; traducción... revisada y ampliada con un prólogo y notas complementarias... Augusto Pi y Suñer.
260 _aBarcelona :
_bGustavo Gili,
_c1907 (
_fGuinart y Pujolar)
300 _a228 p., 11 lám. :
_bil. ;
_c19 cm.
700 1 _aPi Suñer, Augusto,
_d1879-1965
_991726
852 _aES-MaACL
_jB-3283
999 _c148958
_d148958